Statistics for Countries Without Political Parties

Click here to take the quiz!

General Stats

  • This quiz has been taken 31 times
  • The average score is 6 of 11

Answer Stats

Type of GovernmentAnswer% Correct
MonarchyQatar
86%
MonarchySaudi Arabia
86%
MonarchyBahrain
82%
MonarchyOman
82%
MonarchyKuwait
68%
MonarchyVatican City
64%
MonarchyUnited Arab Emirates
59%
RepublicsNauru
36%
RepublicsPalau
32%
MonarchyTuvalu
18%
RepublicsF.S. Micronesia
14%

Score Distribution

Percentile by Number Answered

Percent of People with Each Score

Your Score History

You have not taken this quiz